Özal'a laf söyletmem arkadaş (Record no. 8497)

MARC details
000 -BAŞLIK
Sabit Uzunlukta Kontrol Alanı 00917na a2200277 4500
001 - KONTROL NUMARASI
Denetim Alanı 16303
003 - KONTROL NUMARASI IDENTIFIER
Denetim Alanı MIRAKIL
005 - SON İŞLEM TARİHİ VE ZAMANI
Denetim Alanı 20181213155215.0
008 - SABİT-BOY VERİ ELEMANLARI - GENEL BİLGİLER
Sabit Uzunlukta Kontrol Alanı 161003b tu 000 0
020 ## - ULUSLARARASI STANDART KİTAP NUMARASI
Uluslararası Standart Kitap Numarası 9754680183
035 ## - SİSTEM KONTROL NUMARASI
Sistem Kontrol Numarası 16303
040 ## - KATALOGLAMA KAYNAK
Orijinal Kataloglama Ajansı Milas
Kataloglama Dili tur
Metne Dönüştürmek Ajansı TR-AnCHP
041 ## - DİL KODU
Metin / Ses Parça Veya Ayrı Başlığın Dil Kodu tur
082 ## - DEWEY ONLU SINIFLANDIRMA NUMARASI
Sınıflandırma Numarası 923.256 Özal, T.
Ürün Numarası A66ö 1989
090 ## - SINIFLAMA NUMARASI
Sınıflama Numarası 923.256 Özal,T. A66ö 1989
100 ## - ANA GİRİŞ - KİŞİSEL İSİM
Kişisel Ad Arol, Ender
245 ## - BAŞLIK TABLOSU
Başlık Özal'a laf söyletmem arkadaş
Sorumluluk Tablosu, Vb Ender Arol
260 ## - YAYIN, DAĞITIM, VB
Yayın, Dağıtım, Vb Yeri İstanbul
Yayıncı, Dağıtıcı, Vs Adı Say yayınları
Yayın, Dağıtım, Vb Tarihi 1989
300 ## - FİZİKSEL TANIM
Kapsam 222 s.
Boyutlar 19 sm.
600 ## - KONU KATMA GİRİŞ - KURUMSAL ADI
Kişisel Ad Özal, Turgut
Bir Adıyla İlişkilendirilen Tarihler 1927-1993
Genel Alt Bölümü Siyasal ve sosyal görüşler
Kronolojik Alt Bölümü Mizah
610 ## - KONU KATMA GİRİŞ - TOPLANTI ADI
Giriş Elemanı Olarak Kurumsal Ad Veya Yargı Alanı Adı Anavatan Partisi (ANAP)
Genel Alt Bölüm Siyaset ve yönetim
Kronolojik Alt Bölüm Tarih ve eleştiri
Coğrafi Alt Bölüm Türkiye
650 ## - KONU KATMA GİRİŞ - TOPİKAL DÖNEM
Topikal Süreli Veya Coğrafi Ad Giriş Elemanı Özal, Turgut
Genel Alt Bölümü Basın suçları
Kronolojik Alt Bölümü Tarih ve eleştiri
650 ## - KONU KATMA GİRİŞ - TOPİKAL DÖNEM
Topikal Süreli Veya Coğrafi Ad Giriş Elemanı Devlet adamları
Genel Alt Bölümü Tarih ve eleştiri
Kronolojik Alt Bölümü Anılar
651 ## - KONU KATMA GİRİŞ - COĞRAFİ ADI
Coğrafi İsim Türkiye
Genel Alt Bölümü Siyasal tarih
Kronolojik Alt Bölümü Özal dönemi
942 ## - EKLENDİ GİRİŞ ELEMANLARI (KOHA)
Sınıflandırma Veya Raf Düzeni Kaynak
Koha Öğesi Türü Books
999 ## - SİSTEM KONTROL NUMARALARI (KOHA)
Koha Biblionumber 8497
Koha Biblioitemnumber 8497
Holdings
Kalıcı Konum Mevcut Konum Edinme Tarihi Edinim Kaynak Toplam Check-Out'Lar Tam Çağrı Numarası Barkod Tarih Son Görülme İtibaren Geçerli Fiyatlar Koha Öğesi Türü
CHP Kütüphanesi CHP Kütüphanesi 10/02/2016 Bağış   923.256 Özal,T. A66ö 1989 004487 10/02/2016 10/02/2016 Books